Dictionary of microbiology and molecular biology. Ed 2. (Record no. 95365)
[ view plain ]
| 000 -LEADER | |
|---|---|
| fixed length control field | 00458nam a2200169Ia 4500 |
| 008 - FIXED-LENGTH DATA ELEMENTS--GENERAL INFORMATION | |
| fixed length control field | 210210b1987 xxu||||| |||| 00| 0 eng d |
| 082 ## - DEWEY DECIMAL CLASSIFICATION NUMBER | |
| Classification number | 576.03 SIND |
| 100 ## - MAIN ENTRY--PERSONAL NAME | |
| Personal name | SINGLETON (Paul) |
| 245 ## - TITLE STATEMENT | |
| Title | Dictionary of microbiology and molecular biology. Ed 2. |
| 250 ## - EDITION STATEMENT | |
| Edition statement | |
| 260 ## - PUBLICATION, DISTRIBUTION, ETC. | |
| Place of publication, distribution, etc. | New York. |
| Name of publisher, distributor, etc. | John Wiley and Sons |
| Date of publication, distribution, etc. | 1987 |
| 300 ## - PHYSICAL DESCRIPTION | |
| Extent | 1019 |
| 650 ## - SUBJECT ADDED ENTRY--TOPICAL TERM | |
| Topical term or geographic name entry element | Microbiology Dictionary |
| 690 ## - LOCAL SUBJECT ADDED ENTRY--TOPICAL TERM (OCLC, RLIN) | |
| Topical term or geographic name as entry element | Microbiology |
| 700 ## - ADDED ENTRY--PERSONAL NAME | |
| Personal name | SAINSBURY (Diana). |
| 906 ## - LOCAL DATA ELEMENT F, LDF (RLIN) | |
| a | 045907 |
| Withdrawn status | Lost status | Damaged status | Not for loan | Collection code | Home library | Current library | Shelving location | Date acquired | Cost, normal purchase price | Total Checkouts | Full call number | Barcode | Date last seen | Price effective from | Koha item type |
|---|---|---|---|---|---|---|---|---|---|---|---|---|---|---|---|
| Reference Book | St Aloysius Library | St Aloysius Library | 02/17/2021 | 351.00 | 576.03 SIND | 045907 | 02/17/2021 | 02/17/2021 | Book |